Marketing vybranej spoločnosti diplomová práca

Enregistré dans:
Détails bibliographiques
Auteur principal: Vandák, Lukáš
Collectivité auteur: Obchodná fakulta EU. Katedra marketingu
Autres auteurs: Rehák, Róbert, 1984-
Format: Livre
Langue:slovaque
Publié: Bratislava 2021
Tags: Ajouter un tag
Pas de tags, Soyez le premier à ajouter un tag!

MARC

LEADER 00000nbm a2200000 4500
001 0274370
005 20220131134838.5
041 0 |a slo 
044 |a SK 
245 1 0 |a Marketing vybranej spoločnosti  |b diplomová práca  |c Lukáš Vandák ; školiteľ: Róbert Rehák 
264 1 |a Bratislava  |c 2021 
300 |a 68 s. 
100 1 |a Vandák, Lukáš 
700 1 |a Rehák, Róbert, 1984- 
710 2 |a Obchodná fakulta EU. Katedra marketingu